| 000 | 00500nam a22001697a 4500 | ||
|---|---|---|---|
| 999 |
_c8777 _d8777 |
||
| 008 | 201214b ||||| |||| 00| 0 eng d | ||
| 040 | _aBMS College of Architecture | ||
| 100 | _aYarakala Kartik | ||
| 245 | _aTata Tennis academy | ||
| 300 | _aNA | ||
| 500 | _a1BM09AT060 | ||
| 502 |
_8B,Arch _NBMS College of Architecture, Visvesvaraya Technological University (VTU) _aProject report _d2015 |
||
| 650 | _aNA | ||
| 700 |
_aSamhita B S _eGuide |
||
| 700 |
_aPrathima Reddy _eGuide |
||
| 942 |
_2ddc _cTHE |
||